Educación especial: técnicas de intervención

Gorde:
Xehetasun bibliografikoak
Egile nagusia: Paula Pérez, Isabel (autora)
Formatua: Liburua
Hizkuntza:gaztelania
Argitaratua: Madrid McGraw-Hill Interamericana 2003
Gaiak:
Etiketak: Etiketa erantsi
Etiketarik gabe, Izan zaitez lehena erregistro honi etiketa jartzen!

MARC

LEADER 00000nam a2200000 a 4500
001 UCL3836
003 CL-VaPUC
008 031212e20030000SP |||||||||||||||||spa|d
020 |a 8448137558 
082 0 4 |a 371.9  |b PAU  |2 21 
100 |a Paula Pérez, Isabel  |e autora  |9 481259 
245 1 0 |a Educación especial: técnicas de intervención 
300 |a 433 p 
942 |c BK 
945 |d 20031212 00:00:00  |a cmena 
260 |a Madrid  |b McGraw-Hill Interamericana  |c 2003 
650 0 |a Educación especial  |9 307486 
650 0 |a Métodos de enseñanza  |9 270413 
650 0 |a Planificación del currículo  |9 269599 
583 |a last modification  |c 20031212 00:00:00  |k Rodrigo Vera 
999 |c 306837  |d 306835 
952 |0 0  |1 0  |4 0  |6 371_900000000000000_PAU_2003  |7 0  |8 R  |9 372227  |a BIBEDU  |b BIBEDU  |d 2019-11-21  |i 3975061  |o 371.9 PAU 2003  |p 3975061  |r 2019-11-21  |w 2019-11-21  |y BK_R  |k EBA